<?xml version="1.0" encoding="UTF-8"?>
<marc:record xmlns:marc="http://www.loc.gov/MARC21/slim">
   <marc:leader>00000nam a2200000 a 4500</marc:leader>
   <marc:datafield ind1="0" ind2="0" tag="245">
      <marc:subfield code="a">Die Saiten des Lebens</marc:subfield>
   </marc:datafield>
   <marc:datafield ind1=" " ind2="1" tag="264">
      <marc:subfield code="b">Senator Home Entertainment</marc:subfield>
      <marc:subfield code="c">2013</marc:subfield>
   </marc:datafield>
   <marc:datafield ind1="1" ind2=" " tag="490">
      <marc:subfield code="a">2</marc:subfield>
   </marc:datafield>
   <marc:datafield ind1="1" ind2=" " tag="520">
      <marc:subfield code="a">Musik ist ihre Leidenschaft, das Quartett ihr Leben. Seit 25 Jahren teilen die Musiker des weltbekannten New Yorker Streichquartetts "The Fugue" alle privaten wie beruflichen Höhen und Tiefen miteinander. Doch dann erhält der Cellist Peter eine niederschmetternde Diagnose, die nicht nur sein Leben, sondern auch das der anderen Drei radikal verändert. Unterdrückte Emotionen, Egokonflikte und unkontrollierbare Leidenschaften brechen hervor, die eine jahrelange Freundschaft und kreative Zusammenarbeit aus den Fugen zu bringen drohen...</marc:subfield>
   </marc:datafield>
   <marc:datafield ind1=" " ind2=" " tag="020">
      <marc:subfield code="a">0887654843593</marc:subfield>
      <marc:subfield code="9">0887654843593</marc:subfield>
   </marc:datafield>
   <marc:datafield ind1="0" ind2=" " tag="490">
      <marc:subfield code="v">0</marc:subfield>
   </marc:datafield>
   <marc:datafield ind1=" " ind2=" " tag="300">
      <marc:subfield code="a">ca. 101 Min.</marc:subfield>
   </marc:datafield>
</marc:record>
